[Event "CAN-op"]
[Site "Regina CAN"]
[Date "2019.07.15"]
[Round "5.1"]
[White "Haessel, Dale"]
[Black "Cherniaev, Alexander"]
[Result "0-1"]
[WhiteElo "2148"]
[BlackElo "2396"]
[PlyCount "60"]
[EventDate "2019.07.12"]
[EventType "swiss"]
[EventRounds "9"]
[EventCountry "CAN"]

1. d4 e6 2. c4 b6 3. e4 Bb4+ 4. Nd2 Bb7 5. Qc2 Qf6 6. Ne2 Nh6 7. f3 Qh4+ 8. g3
Qh5 9. Bg2 f5 10. O-O O-O 11. exf5 Bxd2 12. Bxd2 Qxf5 13. Qc3 Qf6 14. g4 Nf7
15. Ng3 c5 16. dxc5 Qxc3 17. Bxc3 bxc5 18. Nh5 e5 19. Rae1 d6 20. h4 a5 21. b3
Ra7 22. Ng3 a4 23. f4 Bxg2 24. Kxg2 axb3 25. axb3 Nc6 26. fxe5 Ncxe5 27. Nf5
Ra2+ 28. Kg3 Rb8 29. Nxd6 Rxb3 30. Rxf7 Rxc3+ 0-1

[Event "CAN-op"]
[Site "Regina CAN"]
[Date "2019.07.15"]
[Round "5.3"]
[White "Ma, Derek"]
[Black "Zhao, Ian"]
[Result "0-1"]
[WhiteElo "1925"]
[BlackElo "2198"]
[PlyCount "70"]
[EventDate "2019.07.12"]
[EventType "swiss"]
[EventRounds "9"]
[EventCountry "CAN"]

1. e4 e5 2. f4 d5 3. exd5 exf4 4. Nf3 Nf6 5. c4 c6 6. d4 Bb4+ 7. Nc3 O-O 8.
Bxf4 cxd5 9. Be2 Nc6 10. O-O Bg4 11. Ne5 Bxe2 12. Nxe2 dxc4 13. Nxc6 bxc6 14.
Qc2 Qd5 15. Rac1 Rfe8 16. Qxc4 Ba5 17. Ng3 Bb6 18. Qxd5 Nxd5 19. Rc4 Rad8 20.
h3 g6 21. Kh2 Ne3 22. Bxe3 Rxe3 23. Rc3 Rde8 24. Rf3 Rxf3 25. Rxf3 Bxd4 26. b3
Re1 27. Rf1 Re3 28. Rf3 Rxf3 29. gxf3 Be5 30. Kg2 Bxg3 31. Kxg3 Kg7 32. Kf4 Kf6
33. h4 h6 34. Ke4 g5 35. a4 gxh4 0-1

[Event "CAN-op"]
[Site "Regina CAN"]
[Date "2019.07.15"]
[Round "5.4"]
[White "Dixit, Arun"]
[Black "Mills, Morgon"]
[Result "1-0"]
[WhiteElo "1775"]
[BlackElo "2036"]
[PlyCount "51"]
[EventDate "2019.07.12"]
[EventType "swiss"]
[EventRounds "9"]
[EventCountry "CAN"]

1. e4 c6 2. d4 d5 3. e5 Bf5 4. Ne2 e6 5. Ng3 Bg6 6. h4 h5 7. Be2 c5 8. c3 Nc6
9. Be3 Qb6 10. Nd2 Qxb2 11. dxc5 Nge7 12. O-O Qxc3 13. Nf3 Nf5 14. Nxf5 Bxf5
15. Nd4 Nxd4 16. Bxd4 Qc2 17. Bb5+ Kd8 18. Qe1 a5 19. Rc1 Qxa2 20. c6 Bb4 21.
cxb7 Rb8 22. Bb6+ Ke7 23. Rc7+ Kf8 24. Rc8+ Ke7 25. Qxb4+ axb4 26. Bc5# 1-0

[Event "CAN-op"]
[Site "Regina CAN"]
[Date "2019.07.15"]
[Round "5.5"]
[White "Windram, James"]
[Black "Sohal, Tanraj"]
[Result "1/2-1/2"]
[WhiteElo "1907"]
[BlackElo "2241"]
[PlyCount "46"]
[EventDate "2019.07.12"]
[EventType "swiss"]
[EventRounds "9"]
[EventCountry "CAN"]

1. e4 c5 2. Nf3 e6 3. d4 cxd4 4. Nxd4 Nf6 5. Nc3 Nc6 6. Ndb5 Bc5 7. Bf4 O-O 8.
Bc7 Qe7 9. Bd6 Bxd6 10. Nxd6 Ne8 11. Nxc8 Rxc8 12. Bd3 Nf6 13. O-O e5 14. Nd5
Nxd5 15. exd5 Nb4 16. c3 Nxd3 17. Qxd3 d6 18. c4 f5 19. Rac1 b6 20. h3 e4 21.
Qd4 Qf6 22. Qxf6 Rxf6 23. Rc3 Rf7 1/2-1/2

[Event "CAN-op"]
[Site "Regina CAN"]
[Date "2019.07.15"]
[Round "5.6"]
[White "Wang, Paul"]
[Black "Malek, Omid"]
[Result "0-1"]
[WhiteElo "1902"]
[BlackElo "2141"]
[PlyCount "64"]
[EventDate "2019.07.12"]
[EventType "swiss"]
[EventRounds "9"]
[EventCountry "CAN"]

1. e4 e6 2. d4 d5 3. Nc3 Nc6 4. Nf3 Nf6 5. Bd3 Bb4 6. Bg5 h6 7. Bxf6 Qxf6 8.
O-O Qd8 9. a3 Be7 10. Re1 O-O 11. e5 f6 12. Bg6 fxe5 13. Nxe5 Nxe5 14. Rxe5 Bd6
15. Re2 Qf6 16. Bd3 a6 17. g3 Kh8 18. Rd2 Qxd4 19. Bxa6 Qb6 20. Bf1 Bc5 21. Qe1
Qxb2 22. Re2 Bd4 23. Re3 Bxe3 24. fxe3 Rxa3 25. Rxa3 Qxa3 26. Nb5 Qc5 27. Qd2
Rxf1+ 28. Kxf1 Qxb5+ 29. Kg1 b6 30. Qf2 Kg8 31. Kg2 Qa6 32. Kg1 Bb7 0-1

[Event "CAN-op"]
[Site "Regina CAN"]
[Date "2019.07.15"]
[Round "5.7"]
[White "Gottuk, Stefan"]
[Black "Chandra, Anand Rishi"]
[Result "1-0"]
[WhiteElo "2116"]
[BlackElo "1883"]
[PlyCount "57"]
[EventDate "2019.07.12"]
[EventType "swiss"]
[EventRounds "9"]
[EventCountry "CAN"]

1. d4 d5 2. Bf4 Nf6 3. e3 e6 4. Nf3 c5 5. c3 Bd6 6. Bxd6 Qxd6 7. Ne5 O-O 8. Bd3
Nc6 9. f4 Ne7 10. Qf3 b6 11. Nd2 Bb7 12. O-O-O cxd4 13. exd4 Rac8 14. Kb1 a6
15. g4 b5 16. g5 Ne8 17. Nb3 b4 18. cxb4 Rc7 19. a3 Nf5 20. h4 f6 21. Bxf5 exf5
22. Nd3 Re7 23. Ndc5 Bc8 24. Rhe1 Re4 25. Nxe4 fxe4 26. Qc3 Bf5 27. Qc5 Rf7 28.
Qxd6 Nxd6 29. Ka2 1-0

[Event "CAN-op"]
[Site "Regina CAN"]
[Date "2019.07.15"]
[Round "5.8"]
[White "Wolchock, Theo"]
[Black "Bu, Kevin"]
[Result "1-0"]
[WhiteElo "2032"]
[BlackElo "1784"]
[PlyCount "101"]
[EventDate "2019.07.12"]
[EventType "swiss"]
[EventRounds "9"]
[EventCountry "CAN"]

1. e4 Nf6 2. Nc3 e5 3. f4 d5 4. fxe5 Nxe4 5. Qf3 Nxc3 6. bxc3 c5 7. Qg3 g6 8.
Nf3 Bg7 9. Bb5+ Bd7 10. Bxd7+ Nxd7 11. O-O O-O 12. d4 Qb6 13. Qh3 f5 14. Be3
cxd4 15. cxd4 Rfc8 16. Rab1 Qc6 17. g4 fxg4 18. Qxg4 Nf8 19. Ng5 b6 20. Qh3 Rc7
21. Rf2 h6 22. Nf3 Qe6 23. Qg2 g5 24. Rbf1 Nh7 25. Ne1 Rf8 26. Nd3 a5 27. Rxf8+
Nxf8 28. h4 Nh7 29. hxg5 hxg5 30. Rf2 Bh6 31. Nf4 Qe8 32. Nxd5 Rg7 33. Rf6 Qh5
34. Rf1 b5 35. Nf6+ Nxf6 36. Rxf6 Qd1+ 37. Rf1 Qh5 38. Qa8+ Kh7 39. Qe4+ Kg8
40. Qa8+ Kh7 41. Qe4+ Kg8 42. e6 Re7 43. d5 Bf8 44. Qf5 Qe8 45. Qxf8+ Qxf8 46.
Rxf8+ Kxf8 47. Bc5 Ke8 48. Bxe7 Kxe7 49. Kg2 b4 50. Kf3 Kf6 51. Kg4 1-0

[Event "CAN-op"]
[Site "Regina CAN"]
[Date "2019.07.15"]
[Round "5.9"]
[White "Demchenko, Kiril"]
[Black "Srinivasan, Hermant"]
[Result "0-1"]
[WhiteElo "2004"]
[BlackElo "1688"]
[PlyCount "42"]
[EventDate "2019.07.12"]
[EventType "swiss"]
[EventRounds "9"]
[EventCountry "CAN"]

1. e4 c6 2. d4 d5 3. Nc3 dxe4 4. Nxe4 Bf5 5. Ng3 Bg6 6. h4 h6 7. Nf3 Nd7 8. h5
Bh7 9. Bd3 Bxd3 10. Qxd3 e6 11. Bd2 Ngf6 12. Qe2 Be7 13. O-O-O Qc7 14. Ne5 c5
15. Rhe1 cxd4 16. Bf4 Nd5 17. Qg4 Nxf4 18. Qxg7 O-O-O 19. Nxf7 Bf6 20. Qg4 Rdg8
21. Qf3 Rh7 0-1

[Event "CAN-op"]
[Site "Regina CAN"]
[Date "2019.07.15"]
[Round "5.10"]
[White "Chen, Andrew"]
[Black "Huang, Patrick"]
[Result "0-1"]
[WhiteElo "1778"]
[BlackElo "2055"]
[PlyCount "76"]
[EventDate "2019.07.12"]
[EventType "swiss"]
[EventRounds "9"]
[EventCountry "CAN"]

1. e4 g6 2. Nc3 Bg7 3. g3 d6 4. Bg2 e5 5. Nge2 f5 6. d3 Nf6 7. h3 O-O 8. O-O
Nc6 9. Be3 Be6 10. d4 Bc4 11. Re1 fxe4 12. dxe5 Nxe5 13. Nxe4 Nxe4 14. Bxe4 Qd7
15. f4 Nc6 16. Bd5+ Bxd5 17. Qxd5+ Kh8 18. Kg2 Nb4 19. Qc4 Qc6+ 20. Qxc6 bxc6
21. Nd4 c5 22. Ne6 Rf7 23. Re2 Bxb2 24. Rb1 Bf6 25. a3 Nd5 26. Bd2 Re8 27. Rbe1
Rfe7 28. Kf3 h6 29. g4 Bh4 30. f5 Bxe1 31. Rxe1 gxf5 32. gxf5 Rf7 33. Ke4 Nf6+
34. Kf4 Kh7 35. Kf3 d5 36. Rg1 Ne4 37. Bxh6 Rxe6 38. Kg4 Rxh6 0-1

[Event "CAN-op"]
[Site "Regina CAN"]
[Date "2019.07.15"]
[Round "5.11"]
[White "Wang, Elon"]
[Black "Ehab, Mohamed"]
[Result "1-0"]
[WhiteElo "1529"]
[BlackElo "2006"]
[PlyCount "59"]
[EventDate "2019.07.12"]
[EventType "swiss"]
[EventRounds "9"]
[EventCountry "CAN"]

1. e4 d5 2. exd5 Nf6 3. d4 Nxd5 4. c4 Nb6 5. Nf3 g6 6. Nc3 Bg7 7. Be2 O-O 8.
O-O Bg4 9. Be3 c6 10. Qb3 N8d7 11. c5 Be6 12. Qb4 a5 13. Qa3 Nd5 14. Ng5 Nxc3
15. bxc3 Bf5 16. g4 h6 17. gxf5 hxg5 18. fxg6 fxg6 19. Bc4+ Kh7 20. Bxg5 Rf5
21. Qc1 Bf6 22. f4 Bxg5 23. fxg5 b5 24. Be6 Nf8 25. Bxf5 gxf5 26. Rxf5 Qd7 27.
Qf4 Ne6 28. Qh4+ Kg8 29. Raf1 Ng7 30. g6 1-0

[Event "CAN-op"]
[Site "Regina CAN"]
[Date "2019.07.15"]
[Round "5.12"]
[White "Yang, Jingyun (Ryan)"]
[Black "Yao, Sammy"]
[Result "0-1"]
[WhiteElo "1704"]
[BlackElo "1986"]
[PlyCount "166"]
[EventDate "2019.07.12"]
[EventType "swiss"]
[EventRounds "9"]
[EventCountry "CAN"]

1. e4 c5 2. Nf3 e6 3. Nc3 a6 4. Be2 Qc7 5. O-O b5 6. d3 Bb7 7. Re1 Nf6 8. Bg5
b4 9. Nb1 Be7 10. Nbd2 O-O 11. Nf1 Nc6 12. Ne3 Rad8 13. Bh4 d5 14. exd5 Nxd5
15. Bg3 Bd6 16. Bxd6 Qxd6 17. Nc4 Qc7 18. Qd2 Nb6 19. Qg5 Nxc4 20. dxc4 Nd4 21.
Nxd4 Rxd4 22. Bd3 h6 23. Qg3 Qxg3 24. fxg3 Rc8 25. Re5 Kf8 26. Rf1 Ke7 27. Re2
g6 28. Rfe1 Rd6 29. g4 g5 30. h3 f6 31. Bf5 Rcc6 32. b3 Kf7 33. Bd3 Rc8 34. g3
Rh8 35. Rf2 h5 36. Ref1 e5 37. Be2 hxg4 38. Bxg4 Bc8 39. Bxc8 Rxc8 40. Kh1 Rh8
41. Kh2 Rh6 42. Re2 Ke6 43. g4 Rd4 44. Kg2 Rh7 45. Kg3 Rhd7 46. Ref2 Rf4 47.
Rxf4 gxf4+ 48. Kf3 Rh7 49. Rh1 f5 50. g5 Rh4 51. Kg2 e4 52. Rf1 Rh5 53. Rxf4
Rxg5+ 54. Kf2 Ke5 55. Rh4 f4 56. Rh6 e3+ 57. Kf1 f3 58. Rh8 f2 59. Re8+ Kd4 60.
Rd8+ Ke4 61. Re8+ Kf4 62. Ke2 Rg1 63. Rf8+ Kg3 64. Rf3+ Kg2 65. Kxe3 f1=Q 66.
Rxf1 Rxf1 67. Ke4 Kxh3 68. Kd5 Rf5+ 69. Kc6 Kg4 70. Kb6 Kf4 71. Kxa6 Ke3 72.
Ka5 Kd2 73. Ka4 Kxc2 74. a3 bxa3 75. Kxa3 Rf3 76. Ka4 Rxb3 77. Ka5 Kc3 78. Ka6
Kxc4 79. Ka7 Kd5 80. Ka8 Kc6 81. Ka7 c4 82. Ka8 Kc7 83. Ka7 Ra3# 0-1

[Event "CAN-op"]
[Site "Regina CAN"]
[Date "2019.07.15"]
[Round "5.14"]
[White "Boron, Anthony"]
[Black "Sorgard, Graham"]
[Result "1/2-1/2"]
[WhiteElo "1854"]
[BlackElo "1960"]
[PlyCount "80"]
[EventDate "2019.07.12"]
[EventType "swiss"]
[EventRounds "9"]
[EventCountry "CAN"]

1. e4 g6 2. d4 Bg7 3. Nc3 d6 4. Be3 a6 5. h3 b5 6. a3 Bb7 7. Nf3 Nd7 8. Bd3 c5
9. O-O cxd4 10. Bxd4 Ngf6 11. Re1 O-O 12. Qe2 e5 13. Be3 d5 14. exd5 Nxd5 15.
Nxd5 Bxd5 16. c4 Bb7 17. Bc2 bxc4 18. Qxc4 Rc8 19. Qe2 Bxf3 20. gxf3 Qh4 21.
Kh2 Nf6 22. Rg1 Nd5 23. Rg4 Qe7 24. Bg5 Qc5 25. Bd3 Nf4 26. Bxf4 exf4 27. b4
Qc3 28. Ra2 Rcd8 29. Bxa6 Rfe8 30. Qf1 Re1 31. Qg2 f5 32. Rg5 Bf6 33. Rxf5 Rdd1
34. Rc5 Rh1+ 35. Qxh1 Rxh1+ 36. Kxh1 Qxf3+ 37. Kh2 Bd4 38. Rcc2 Be5 39. Rc5 Bd4
40. Rcc2 Be5 1/2-1/2

[Event "CAN-op"]
[Site "Regina CAN"]
[Date "2019.07.15"]
[Round "5.15"]
[White "Basko, Yauheni"]
[Black "Wei, Daniel"]
[Result "0-1"]
[WhiteElo "1800"]
[BlackElo "1840"]
[PlyCount "72"]
[EventDate "2019.07.12"]
[EventType "swiss"]
[EventRounds "9"]
[EventCountry "CAN"]

1. e4 c5 2. Nf3 Nc6 3. Bb5 g6 4. O-O Bg7 5. Bxc6 bxc6 6. Re1 Nh6 7. c3 O-O 8.
d4 cxd4 9. cxd4 f6 10. Nc3 d6 11. h3 Nf7 12. Qe2 Bd7 13. Bd2 Qb6 14. Na4 Qb7
15. b3 Rae8 16. Rac1 e5 17. dxe5 Nxe5 18. Nxe5 Rxe5 19. Bf4 Re6 20. Qc4 Rf7 21.
Red1 Bf8 22. Rd2 f5 23. exf5 gxf5 24. Qd3 Rg6 25. Qf3 d5 26. Nc5 Qb4 27. Nd3
Qa3 28. Rcd1 Bg7 29. Be5 c5 30. Qxd5 Bc6 31. Qc4 Bxg2 32. Kh2 Be4 33. Nf4 Bxe5
34. Rd8+ Kg7 35. Qxf7+ Kxf7 36. R1d7+ Kf6 0-1

[Event "CAN-op"]
[Site "Regina CAN"]
[Date "2019.07.15"]
[Round "5.16"]
[White "McDonald, Mike"]
[Black "Lambruschini, Alex"]
[Result "0-1"]
[WhiteElo "1741"]
[BlackElo "1810"]
[PlyCount "102"]
[EventDate "2019.07.12"]
[EventType "swiss"]
[EventRounds "9"]
[EventCountry "CAN"]

1. e4 e5 2. Nf3 Nc6 3. Bb5 Nf6 4. O-O a6 5. Bxc6 dxc6 6. Nxe5 Be6 7. d3 Bd6 8.
f4 Bxe5 9. fxe5 Qd4+ 10. Kh1 Ng4 11. Qd2 O-O-O 12. h3 h5 13. Qc3 Nf2+ 14. Kh2
Ng4+ 15. Kh1 Qxc3 16. Nxc3 Nxe5 17. Ne2 Kb8 18. b3 h4 19. d4 Ng6 20. c4 f6 21.
Bb2 c5 22. d5 Bc8 23. Nf4 Nf8 24. e5 fxe5 25. Bxe5 Rg8 26. Rae1 g5 27. Nd3 Nd7
28. Bh2 g4 29. hxg4 Rxg4 30. Re7 Rdg8 31. Ne5 Nxe5 32. Bxe5 Rxg2 33. Rxc7 Ka8
34. Rxc5 Re2 35. Bh2 Bh3 36. Rg1 Bg2+ 37. Rxg2 Rexg2 38. Rc8+ Rxc8 39. Kxg2 b5
40. cxb5 axb5 41. Kh3 Rc2 42. a4 Rc3+ 43. Kxh4 b4 44. Kg4 Rxb3 45. Kf5 Rd3 46.
Ke6 b3 47. Be5 Re3 48. Kf5 Rxe5+ 49. Kxe5 b2 50. d6 b1=Q 51. d7 Qb6 0-1

[Event "CAN-op"]
[Site "Regina CAN"]
[Date "2019.07.15"]
[Round "5.17"]
[White "Castillo, Rey"]
[Black "Vasic, Maxim"]
[Result "0-1"]
[WhiteElo "1965"]
[BlackElo "1953"]
[PlyCount "76"]
[EventDate "2019.07.12"]
[EventType "swiss"]
[EventRounds "9"]
[EventCountry "CAN"]

1. c4 e5 2. g3 Nc6 3. Bg2 g6 4. Nc3 Bg7 5. e3 d6 6. Nge2 f5 7. d4 Nf6 8. O-O
O-O 9. Rb1 Nh5 10. b4 f4 11. Bxc6 bxc6 12. gxf4 Bh3 13. Re1 Qh4 14. Ng3 exf4
15. Nxh5 gxh5 16. exf4 Bxd4 17. Qf3 Bg4 18. Qg2 Bxc3 19. Re3 Bd4 20. Rd3 Rae8
21. Bd2 c5 22. h3 Re2 23. Rf1 Rxd2 24. Rxd2 Qxh3 25. Qxh3 Bxh3 26. Rb1 Rxf4 27.
bxc5 Bxc5 28. Rb7 Bb6 29. c5 dxc5 30. Rb8+ Rf8 31. Rdd8 Rxd8 32. Rxd8+ Kf7 33.
Kh2 Bf5 34. Kg3 c4 35. Kf4 c3 36. Kxf5 c2 37. Rd7+ Ke8 38. Rxh7 c1=Q 0-1

[Event "CAN-op"]
[Site "Regina CAN"]
[Date "2019.07.15"]
[Round "5.18"]
[White "Landstrom, William"]
[Black "Bince, Rolando"]
[Result "1-0"]
[WhiteElo "1516"]
[BlackElo "1857"]
[PlyCount "93"]
[EventDate "2019.07.12"]
[EventType "swiss"]
[EventRounds "9"]
[EventCountry "CAN"]

1. e4 e6 2. d4 d5 3. Nc3 Bb4 4. e5 c5 5. f4 Nc6 6. Nf3 Nh6 7. a3 Bxc3+ 8. bxc3
Qa5 9. Bb2 Nf5 10. Qd2 Qb6 11. Rb1 Bd7 12. Be2 Qa5 13. g4 Nfe7 14. O-O h5 15.
g5 g6 16. Rfd1 Nf5 17. c4 Qxd2 18. Rxd2 cxd4 19. cxd5 exd5 20. Bxd4 O-O-O 21.
e6 Bxe6 22. Bxh8 Rxh8 23. Bb5 Nd6 24. Bxc6 bxc6 25. Rd4 Nc4 26. Ra1 Kc7 27. Ne5
Nb6 28. a4 c5 29. Rd2 a5 30. c3 Nc8 31. Nd3 Kc6 32. Ne5+ Kc7 33. Nd3 Kd6 34.
Rb1 Na7 35. Rb6+ Nc6 36. Ne5 Rc8 37. Kf2 Rc7 38. h4 d4 39. cxd4 Bd5 40. dxc5+
Ke6 41. Nxc6 Bxc6 42. Rd6+ Kf5 43. Rbxc6 Re7 44. Rf6+ Kg4 45. Rcd6 Re4 46. c6
Rc4 47. Rxf7 1-0

[Event "CAN-op"]
[Site "Regina CAN"]
[Date "2019.07.15"]
[Round "5.19"]
[White "Ratte, Cameron"]
[Black "Einarsson, Ken"]
[Result "1/2-1/2"]
[WhiteElo "1857"]
[BlackElo "1682"]
[PlyCount "106"]
[EventDate "2019.07.12"]
[EventType "swiss"]
[EventRounds "9"]
[EventCountry "CAN"]

1. e4 c6 2. d4 d5 3. exd5 cxd5 4. c4 dxc4 5. Bxc4 Nc6 6. Nf3 Bg4 7. Be3 Nf6 8.
O-O e6 9. Nc3 Be7 10. d5 exd5 11. Nxd5 O-O 12. Nxe7+ Qxe7 13. Bf4 Qb4 14. Qb3
Qxb3 15. Bxb3 Rad8 16. Ne5 Nxe5 17. Bxe5 Nd7 18. Bd6 Rfe8 19. Rfe1 Nf6 20.
Rxe8+ Rxe8 21. f3 Be6 22. Ba4 Rd8 23. Be5 Nd5 24. Rc1 f6 25. Bg3 Kf7 26. Kf2
Rc8 27. Rxc8 Bxc8 28. Bd6 Nb6 29. Bc2 Nc4 30. Bb3 Be6 31. Bc5 Nxb2 32. Bxa7 Nc4
33. g4 Ne5 34. h3 Bxb3 35. axb3 Ke6 36. f4 Nc6 37. f5+ Kd5 38. Bb6 Ke4 39. Bc5
g6 40. fxg6 hxg6 41. h4 Kf4 42. h5 gxh5 43. gxh5 Kg5 44. Ke3 Kxh5 45. Ke4 Kg6
46. Kd5 Ne5 47. Be7 Kf5 48. b4 Nc6 49. Bd6 Na7 50. Bc5 Nc8 51. b5 b6 52. Bd4
Na7 53. Bxb6 Nxb5 1/2-1/2

[Event "CAN-op"]
[Site "Regina CAN"]
[Date "2019.07.15"]
[Round "5.20"]
[White "Taylor, Tom"]
[Black "Albzour, Abdalsalam"]
[Result "0-1"]
[WhiteElo "1926"]
[BlackElo "1794"]
[PlyCount "64"]
[EventDate "2019.07.12"]
[EventType "swiss"]
[EventRounds "9"]
[EventCountry "CAN"]

1. e4 c5 2. Nc3 g6 3. g3 Bg7 4. Bg2 Nc6 5. d3 Nf6 6. h3 O-O 7. Be3 Nd4 8. Nce2
e5 9. c3 Ne6 10. f4 exf4 11. gxf4 d6 12. Nf3 Nh5 13. O-O Re8 14. Qd2 Rb8 15.
Rae1 b6 16. Ng5 Nxg5 17. fxg5 Be6 18. Nf4 Nxf4 19. Bxf4 Qd7 20. a3 Rbd8 21. Kh2
Be5 22. Qf2 Qb5 23. Rd1 Bxf4+ 24. Qxf4 Qxb2 25. d4 Bc4 26. Rf2 Qxc3 27. Bf1 Bb3
28. Rd3 Qc4 29. Re3 Qa4 30. Rff3 Be6 31. d5 Bxd5 32. exd5 Qxf4+ 0-1

[Event "CAN-op"]
[Site "Regina CAN"]
[Date "2019.07.15"]
[Round "5.21"]
[White "Lin, Joey"]
[Black "Green, Jim"]
[Result "1/2-1/2"]
[WhiteElo "1255"]
[BlackElo "1772"]
[PlyCount "68"]
[EventDate "2019.07.12"]
[EventType "swiss"]
[EventRounds "9"]
[EventCountry "CAN"]

1. e4 e5 2. Nf3 Nc6 3. d3 Bc5 4. g3 d6 5. Bg2 Nf6 6. O-O h6 7. Nbd2 Bg4 8. Re1
Qd7 9. c3 O-O-O 10. Nb3 Bb6 11. Be3 Bxe3 12. fxe3 Bh3 13. Qc2 Bxg2 14. Kxg2 d5
15. Nc5 Qd6 16. exd5 Qxc5 17. dxc6 Qxc6 18. e4 Rhe8 19. Rad1 g6 20. Qb3 Qe6 21.
Qa4 Qb6 22. Re2 a6 23. Rdd2 Qb5 24. Qxb5 axb5 25. h3 c6 26. Rf2 Nd7 27. Nh4 Re7
28. Kf1 Nc5 29. Ke2 Ne6 30. Nf3 Nc5 31. Ke3 Kc7 32. g4 Kb6 33. g5 h5 34. h4
Rde8 1/2-1/2

[Event "CAN-op"]
[Site "Regina CAN"]
[Date "2019.07.15"]
[Round "6.2"]
[White "Zhao, Ian"]
[Black "Haessel, Dale"]
[Result "1-0"]
[WhiteElo "2198"]
[BlackElo "2148"]
[PlyCount "53"]
[EventDate "2019.07.12"]
[EventType "swiss"]
[EventRounds "9"]
[EventCountry "CAN"]

1. e4 e5 2. Nf3 Nc6 3. Bc4 Bc5 4. O-O Nf6 5. d3 d6 6. c3 a6 7. Bb3 Ba7 8. Re1
h6 9. Nbd2 g5 10. Nf1 g4 11. N3d2 h5 12. Nc4 h4 13. Be3 Bd7 14. Bxa7 Nxa7 15.
d4 Qe7 16. dxe5 dxe5 17. Nce3 O-O-O 18. Qe2 Rdg8 19. Rad1 g3 20. hxg3 hxg3 21.
Nxg3 Ng4 22. Rxd7 Qxd7 23. Rd1 Qe7 24. Nxg4 Qh4 25. Bxf7 Rxg4 26. Be6+ Kb8 27.
Qxg4 1-0

[Event "CAN-op"]
[Site "Regina CAN"]
[Date "2019.07.15"]
[Round "6.3"]
[White "Malek, Omid"]
[Black "Dixit, Arun"]
[Result "1/2-1/2"]
[WhiteElo "2141"]
[BlackElo "1775"]
[PlyCount "62"]
[EventDate "2019.07.12"]
[EventType "swiss"]
[EventRounds "9"]
[EventCountry "CAN"]

1. d4 Nf6 2. Bf4 b6 3. Nf3 Bb7 4. e3 g6 5. c4 Bg7 6. Nc3 d6 7. Be2 Nbd7 8. h3
Ne4 9. Nxe4 Bxe4 10. O-O O-O 11. Nd2 Bb7 12. Bf3 Qc8 13. Qa4 c5 14. d5 Bxb2 15.
Rab1 Bg7 16. Bg4 f5 17. Be2 Ne5 18. Bg3 Qc7 19. f4 Nf7 20. e4 Bc8 21. Rbd1 fxe4
22. Bh2 Bd7 23. Qb3 b5 24. Nxe4 bxc4 25. Bxc4 Rab8 26. Qd3 Qa5 27. g4 Bb5 28.
h4 Bxc4 29. Qxc4 Rb2 30. a4 Qb4 31. Qd3 Qd4+ 1/2-1/2

[Event "CAN-op"]
[Site "Regina CAN"]
[Date "2019.07.15"]
[Round "6.4"]
[White "Srinivasan, Hermant"]
[Black "Gottuk, Stefan"]
[Result "0-1"]
[WhiteElo "1688"]
[BlackElo "2116"]
[PlyCount "70"]
[EventDate "2019.07.12"]
[EventType "swiss"]
[EventRounds "9"]
[EventCountry "CAN"]

1. d4 d6 2. c4 f5 3. Nf3 Nf6 4. g3 g6 5. Bg2 Bg7 6. O-O O-O 7. Nc3 Qe8 8. d5 a5
9. Nd4 Na6 10. b3 Bd7 11. Bb2 c6 12. Re1 Rb8 13. Rc1 Nc7 14. e3 c5 15. Nde2 b5
16. cxb5 Nxb5 17. Nxb5 Rxb5 18. Nc3 Rb7 19. Qe2 Bb5 20. Nxb5 Qxb5 21. Qxb5 Rxb5
22. Rc4 Nd7 23. Bxg7 Kxg7 24. f4 Rb4 25. e4 Rxc4 26. bxc4 fxe4 27. Rxe4 Kf7 28.
Bh3 Nf6 29. Be6+ Kg7 30. Re3 Rb8 31. Rb3 Rb4 32. g4 a4 33. Rc3 Rb1+ 34. Kg2
Rb2+ 35. Kg1 Rxa2 0-1

[Event "CAN-op"]
[Site "Regina CAN"]
[Date "2019.07.15"]
[Round "6.5"]
[White "Mills, Morgon"]
[Black "Wolchock, Theo"]
[Result "1-0"]
[WhiteElo "2036"]
[BlackElo "2032"]
[PlyCount "99"]
[EventDate "2019.07.12"]
[EventType "swiss"]
[EventRounds "9"]
[EventCountry "CAN"]

1. e4 c5 2. Nf3 g6 3. d4 cxd4 4. Nxd4 Nc6 5. c4 Bg7 6. Be3 Nf6 7. Nc3 d6 8. Be2
O-O 9. O-O Bd7 10. f3 Nxd4 11. Bxd4 Bc6 12. Qd2 a5 13. b3 Nd7 14. Be3 Nc5 15.
Rab1 e6 16. Rfd1 Be5 17. Qe1 Qe7 18. Bf1 Rfd8 19. Rbc1 h5 20. Ne2 Rac8 21. Qxa5
Ra8 22. Qd2 Qh4 23. g3 Nxe4 24. gxh4 Nxd2 25. Rxd2 Bxf3 26. Bg2 Bxg2 27. Kxg2
Kf8 28. Bf4 Bxf4 29. Nxf4 Ke7 30. a4 Ra5 31. Re1 Kd7 32. Nh3 Rf5 33. Rf1 Rxf1
34. Kxf1 Rc8 35. Ng5 Ke7 36. Ne4 Rc6 37. Ke2 f5 38. Ng5 Kf6 39. Nf3 e5 40. Rd5
b6 41. Ke3 Ke6 42. Ng5+ Ke7 43. Kd3 Rc8 44. Rb5 Rc6 45. a5 bxa5 46. Rxa5 Rb6
47. Ra7+ Kf8 48. Kc3 e4 49. Ne6+ Ke8 50. Nf4 1-0

[Event "CAN-op"]
[Site "Regina CAN"]
[Date "2019.07.15"]
[Round "6.7"]
[White "Wiebe, Isaac"]
[Black "Windram, James"]
[Result "1/2-1/2"]
[WhiteElo "2062"]
[BlackElo "1907"]
[PlyCount "106"]
[EventDate "2019.07.12"]
[EventType "swiss"]
[EventRounds "9"]
[EventCountry "CAN"]

1. d4 Nf6 2. Bf4 g6 3. Nc3 d5 4. e3 c6 5. Nf3 Nbd7 6. Be2 Bg7 7. Ne5 Nxe5 8.
Bxe5 O-O 9. Qd2 b5 10. a4 b4 11. Na2 a5 12. f3 Qb6 13. Nc1 Nd7 14. Bxg7 Kxg7
15. O-O e5 16. dxe5 Nxe5 17. Qd4 Qxd4 18. exd4 Nc4 19. Bxc4 dxc4 20. Ne2 Bf5
21. Rac1 Rad8 22. g4 Bc8 23. c3 b3 24. Ng3 f5 25. gxf5 gxf5 26. f4 Rde8 27.
Rfe1 Kg6 28. Rcd1 Be6 29. Re5 Bd5 30. Rde1 Ra8 31. Kf2 Rf7 32. Rg1 h6 33. Ne4+
Kh7 34. Nd6 Rg7 35. Rxg7+ Kxg7 36. Nxf5+ Kh7 37. Ne3 Rf8 38. f5 Rd8 39. Re7+
Kg8 40. Ra7 Rf8 41. Rxa5 Be4 42. Re5 Bd3 43. Rc5 Ra8 44. a5 Kf7 45. Ng4 Be4 46.
Nxh6+ Kf6 47. Ng4+ Kg5 48. Ne3 Kf4 49. Nxc4 Rh8 50. f6 Rxh2+ 51. Kg1 Rh1+ 52.
Kf2 Rh2+ 53. Kg1 Rh1+ 1/2-1/2

[Event "CAN-op"]
[Site "Regina CAN"]
[Date "2019.07.15"]
[Round "6.8"]
[White "Wei, Daniel"]
[Black "Huang, Patrick"]
[Result "0-1"]
[WhiteElo "1840"]
[BlackElo "2055"]
[PlyCount "62"]
[EventDate "2019.07.12"]
[EventType "swiss"]
[EventRounds "9"]
[EventCountry "CAN"]

1. e4 g6 2. d4 Bg7 3. Nc3 c6 4. f4 d5 5. e5 Nh6 6. Nf3 O-O 7. Bd3 f6 8. O-O Bf5
9. Bxf5 Nxf5 10. Ne2 h5 11. c3 Nd7 12. Qe1 Qb6 13. e6 Nb8 14. Ng3 Nd6 15. Nh4
Kh7 16. f5 g5 17. Nxh5 c5 18. Qe3 cxd4 19. cxd4 Nc6 20. Ng6 Rfe8 21. Qh3 Kg8
22. Nxg7 Kxg7 23. Be3 Qxb2 24. Qh5 Nxd4 25. Nf4 Rg8 26. Nxd5 Ne2+ 27. Kh1 Ng3+
28. hxg3 Rh8 29. Qh3 Ne4 30. Kg1 Rxh3 31. gxh3 Qe5 0-1

[Event "CAN-op"]
[Site "Regina CAN"]
[Date "2019.07.15"]
[Round "6.9"]
[White "Yao, Sammy"]
[Black "Ma, Derek"]
[Result "1/2-1/2"]
[WhiteElo "1986"]
[BlackElo "1925"]
[PlyCount "54"]
[EventDate "2019.07.12"]
[EventType "swiss"]
[EventRounds "9"]
[EventCountry "CAN"]

1. c4 e5 2. g3 h5 3. h4 Nc6 4. Bg2 Bc5 5. Nc3 Nf6 6. d3 d6 7. Bg5 Be6 8. a3 Qd7
9. Bxf6 gxf6 10. Ne4 Ke7 11. Qd2 Rag8 12. Nxc5 dxc5 13. b4 Rd8 14. b5 Nd4 15.
Qc3 b6 16. Nf3 Nxf3+ 17. Bxf3 Qd4 18. Qxd4 Rxd4 19. O-O-O f5 20. e3 Rd6 21. Be2
Rhd8 22. Kc2 e4 23. dxe4 fxe4 24. Rxd6 Rxd6 25. Rd1 Rxd1 26. Kxd1 Bg4 27. Bxg4
hxg4 1/2-1/2